[Event "Regionalliga SW9596"]
[Site "Bayern"]
[Date "1996.??.??"]
[Round "?"]
[White "Bach, Adrian"]
[Black "Schuetz, Guenter"]
[Result "0-1"]
[WhiteElo "2330"]
[BlackElo "2175"]

1.e4 c5 2.Nf3 Nc6 3.Bb5 g6 4.O-O Bg7 5.c3 Nf6 6.e5 Nd5 7.d4 cxd4 8.cxd4 O-O
9.Nc3 Nxc3 10.bxc3 d5 11.exd6 Qxd6 12.a4 Rd8 13.Ng5 Bf5 14.Bc4 Ne5 15.Bf4 Qc6
16.Bxe5 Qxc4 17.Bxg7 Kxg7 18.Qf3 Rac8 19.Rae1 Rd7 20.Re3 h6 21.g4 Bc2 22.Ne4 Bxa4
23.Nc5 Bc6 24.Qf4 Bb5 25.Nd3 Rd5 26.Rxe7 Rg5 27.Rd1 Qb3 28.Rd2 Rxc3 29.h4 Rxg4+
30.Qxg4 Bxd3 31.Qg3 Bb5 32.Qe5+ Kh7 33.d5 Rc1+ 34.Kh2 Qf3 35.Rxf7+ Qxf7 36.d6 Bc6
37.f4 Rh1+ 38.Kg3 Qb3+ 39.Kf2 Qf3+  0-1

[Event "Regionalliga NO9596"]
[Site "Bayern"]
[Date "1996.??.??"]
[Round "?"]
[White "Hilge, Andreas"]
[Black "Rupprecht, Andreas"]
[Result "1/2-1/2"]
[WhiteElo "2210"]
[BlackElo "2180"]

1.e4 c5 2.Nf3 Nc6 3.Bb5 g6 4.O-O Bg7 5.Re1 e5 6.c3 Nge7 7.Na3 O-O 8.Nc2 d5
9.exd5 Qxd5 10.Qe2 a6 11.Bc4 Qd6 12.a4 Nd5 13.Bxd5 Qxd5 14.Ne3 Qd8 15.Nc4 Bf5
16.d4 cxd4 17.cxd4 Nxd4 18.Nxd4 exd4 19.Bf4 Be6 20.Nd6 Qb6 21.a5 Qb4 22.Be5 d3
23.Qe3 Bxe5 24.Qxe5 Rfd8 25.Ne4 Qd4 26.Qxd4 Rxd4 27.Nd2 Rc8 28.Red1 Rc2 29.b3 Rb2
30.Rab1 Ra2 31.Ra1 Rc2 32.f3 Rb4 33.Ra3 Rb2 34.Ne4 R4xb3 35.Rxd3 Rxa3 36.Rxa3 Ra2
37.Rxa2 Bxa2 38.Kf2 Kf8 39.Ke3 Bd5 40.Nf6 Bc6 41.Nxh7+ Ke7 42.Ng5 f6  1/2-1/2

[Event "Regionalliga SO9697"]
[Site "Bayern"]
[Date "1996.??.??"]
[Round "?"]
[White "Kohout, Peter"]
[Black "Jergler, Karl Heinz"]
[Result "1/2-1/2"]
[WhiteElo "2275"]
[BlackElo "2175"]

1.e4 c5 2.Nf3 Nc6 3.Bb5 g6 4.O-O Bg7 5.Re1 e5 6.d3 Nge7 7.c3 O-O 8.Nbd2 a6
9.Ba4 d6 10.h3 Bd7 11.Nf1 b5 12.Bc2 Rc8 13.Bg5 f6 14.Be3 Qc7 15.Rc1 Kh8 16.Qd2 Rfd8
17.Ng3 Be6 18.Bb1 Qa5 19.a3 c4 20.d4 d5 21.exd5 Bxd5 22.Qe2 Qc7 23.dxe5 Bxf3
24.Qxf3 Nxe5 25.Qe2 Nd5 26.Rcd1 Nxe3 27.Qxe3 Rxd1 28.Rxd1 Rd8 29.Re1 Bf8
30.Ne4 Kg7 31.Qf4 Qc6 32.Qe3 Nd3 33.Bxd3 Rxd3 34.Qe2 Qe6 35.Kf1 Qe5 36.Ng3 Qf4
37.Qe4 Qxe4 38.Nxe4 Kf7 39.Ke2 Be7 40.Nd2 f5 41.Nf3 Bf6 42.Rg1 Rd6  1/2-1/2

[Event "Regionalliga SW9697"]
[Site "Bayern"]
[Date "1996.??.??"]
[Round "?"]
[White "Reiter, Markus"]
[Black "Mueller, Marcus"]
[Result "0-1"]
[WhiteElo "2080"]
[BlackElo "2095"]

1.e4 c5 2.Nf3 Nc6 3.Bb5 e6 4.Nc3 Nge7 5.O-O a6 6.Bxc6 Nxc6 7.d4 cxd4 8.Nxd4 Be7
9.Be3 O-O 10.Nxc6 bxc6 11.e5 Qa5 12.Qd4 f6 13.f4 Rb8 14.Ne4 Rb4 15.c4 f5
16.Nc5 Rd8 17.Nd3 Rb8 18.c5 Qc7 19.b3 a5 20.Rfc1 Ba6 21.Nb2 Rb4 22.Qc3 Rdb8
23.Na4 Re4 24.Rd1 g5 25.g3 gxf4 26.Bxf4 Bb5 27.Nb6 Rxb6 28.cxb6 Qxb6+ 29.Kh1 Bb4
30.Qf3 Be2 31.Qg2 Bg4 32.Rxd7 Re2 33.Qf1 Rf2 34.Qc4 Bf3+ 35.Kg1 Rg2+  0-1

[Event "Regionalliga SW9697"]
[Site "Bayern"]
[Date "1996.??.??"]
[Round "?"]
[White "Schulz, Juergen"]
[Black "Uhlmann, Helge"]
[Result "1/2-1/2"]
[WhiteElo "2070"]
[BlackElo "2100"]

1.e4 c5 2.Nf3 Nc6 3.Bb5 d6 4.O-O Bd7 5.Re1 Nf6 6.c3 e6 7.d4 a6 8.Bxc6 Bxc6
9.d5 Bd7 10.dxe6 Bxe6 11.Qe2 h6 12.c4 Be7 13.Nc3 O-O 14.h3 b5 15.cxb5 axb5
16.Qxb5 d5 17.exd5 Nxd5 18.Nxd5 Qxd5 19.Bf4 Rxa2 20.Rxa2 Qxa2 21.Be5 Qd5
22.Qe2 Rd8 23.Bc3 Bf6 24.Ne5 Bc8 25.Qf3 Qxf3 26.Nxf3 Bxc3 27.bxc3 Be6 28.Re5  1/2-1/2

[Event "Lee Cup"]
[Site "Beijing"]
[Date "1996.??.??"]
[Round "1"]
[White "Zhang Pengxiang"]
[Black "Tong Yuanming"]
[Result "0-1"]
[WhiteElo "2325"]
[BlackElo "2500"]

1.e4 c5 2.Nf3 Nc6 3.Bb5 g6 4.O-O Bg7 5.Re1 e5 6.c3 Nge7 7.d4 cxd4 8.cxd4 Nxd4
9.Nxd4 exd4 10.Bf4 O-O 11.Bd6 Qb6 12.Bxe7 Re8 13.Qb3 Rxe7 14.Nd2 d6 15.Bc4 Qa5
16.Nf3 b6 17.Bd5 Be6 18.Bxe6 Rxe6 19.Qd3 Rae8 20.Nxd4 Qd5 21.Red1 Rxe4 22.Nc2 Qxd3
23.Rxd3 Re2 24.Ne3 Rxb2 25.Ra3 Rxf2 26.Kxf2 Bxa1 27.Nc2 Be5 28.Rxa7 Rc8 29.Nb4 Bxh2
30.Rb7 Be5 31.a4 Rc4 32.Nd5 Rxa4  0-1

[Event "Lee Cup"]
[Site "Beijing"]
[Date "1996.??.??"]
[Round "6"]
[White "Zhang Zhong"]
[Black "Greenfeld, Alon"]
[Result "1/2-1/2"]
[WhiteElo "2425"]
[BlackElo "2555"]

1.e4 c5 2.Nf3 Nc6 3.Bb5 e6 4.O-O Nge7 5.b3 Nd4 6.Nxd4 cxd4 7.Bb2 a6 8.Be2 Nc6
9.c3 d5 10.d3 Bc5 11.Nd2 O-O 12.Nf3 dxc3 13.Bxc3 d4 14.Bd2 Ba3 15.Ne1 e5
16.Rb1 a5 17.Nc2 Bd6 18.Bg4 Qb6 19.f4 exf4 20.Bxc8 Raxc8 21.Bxf4 Bxf4 22.Rxf4 Nb4  1/2-1/2

[Event "Lee Cup"]
[Site "Beijing"]
[Date "1996.??.??"]
[Round "8"]
[White "Peng Xiaomin"]
[Black "Xu Yang"]
[Result "1/2-1/2"]
[WhiteElo "2490"]
[BlackElo "2355"]

1.e4 c5 2.Nf3 Nc6 3.Bb5 g6 4.O-O Bg7 5.Re1 Nf6 6.c3 O-O 7.d4 cxd4 8.cxd4 d5
9.e5 Ne4 10.Nc3 Bg4 11.Nxe4 dxe4 12.Bxc6 Bxf3 13.gxf3 bxc6 14.fxe4 Qb6 15.Be3 Qxb2
16.Qb3 Rab8 17.Qxb2 Rxb2 18.Rec1 Rc8 19.Rc5 e6 20.Ra5 Rc7 21.Rc1 Rbb7 22.Rc2 f5
23.exf6 Bxf6 24.Rac5 Rd7 25.e5 Bd8 26.Rxc6 Kf7 27.Kg2 Bb6 28.R2c4 Rd5 29.Kf3 Rbd7
30.Ke4 Rd8 31.a4 R5d7 32.Rc8 Rxc8 33.Rxc8 Rd5 34.Rc4 Ke7 35.Bd2 a5 36.Bc1 Kd7
37.Ba3 Ba7 38.Bc5 Bxc5 39.Rxc5 Rxc5 40.dxc5 Kc6 41.Kd4 g5 42.Kc4 h6 43.f3 h5
44.h3 h4 45.Kd4 Kc7 46.Ke4 Kc6 47.f4 gxf4 48.Kxf4 Kxc5 49.Kg5 Kb4 50.Kf6 Kxa4
51.Kxe6 Kb3 52.Kf5 a4 53.e6 a3 54.e7 a2 55.e8=Q a1=Q 56.Qb5+ Kc2 57.Qc4+ Kd2
58.Qxh4 Qa5+ 59.Kg6 Qa6+ 60.Kh5 Ke2 61.Qe4+ Kf2 62.h4 Qf6 63.Qg6 Qf3+ 64.Kh6 Qf4+
65.Qg5 Qf8+ 66.Kg6 Qg8+ 67.Kf5 Qd5+ 68.Kf6 Qd6+ 69.Kg7 Qd7+ 70.Kh6 Qd6+ 71.Kh7 Qd7+
72.Qg7 Qe8 73.Qf6+ Kg3 74.Qg5+ Kh3 75.h5 Qf7+ 76.Kh6 Qf8+ 77.Qg7 Qf4+ 78.Kh7 Qe4+
79.Qg6 Qe7+ 80.Kg8 Qd8+  1/2-1/2

[Event "Belgrade Yugometal (Women)"]
[Site "Belgrade"]
[Date "1996.??.??"]
[Round "5"]
[White "Vuksanovic, Sanja"]
[Black "Gaponenko, Inna"]
[Result "0-1"]
[WhiteElo "2250"]
[BlackElo "2340"]

1.e4 c5 2.Nf3 Nc6 3.Bb5 g6 4.Bxc6 dxc6 5.h3 f6 6.d3 e5 7.O-O Nh6 8.c3 Nf7
9.d4 cxd4 10.cxd4 exd4 11.Nxd4 c5 12.Nb5 a6 13.Qxd8+ Kxd8 14.Rd1+ Bd7 15.N5c3 Rc8
16.Nd5 Rc6 17.a4 f5 18.Nbc3 Bg7 19.exf5 gxf5 20.a5 Bd4 21.Nb6 Rg6 22.Ne2 Bc6
23.Nxd4 Rxg2+ 24.Kf1 cxd4 25.Rxd4+ Ke7 26.Bf4 Rhg8 27.Re1+ Kf6 28.Bg3 R2xg3
29.fxg3 Rxg3 30.h4 Rf3+ 31.Ke2 Rb3 32.Kd2 Rxb2+ 33.Kc3 Rb5 34.Nc4 Be4 35.Rf1 Ke6
36.Rd2 Ne5 37.Rd6+ Ke7 38.Rb6 Nxc4 39.Kxc4 Rxa5 40.Rh6 Ra3 41.Rxh7+ Kf6 42.Rd1 Rh3
43.Rdd7 Ke5 44.h5 Kf4 45.h6 Ke3 46.Rh8 f4 47.Re8 b5+ 48.Kb4 f3 49.Rde7 Rh4
50.h7 f2 51.Rxe4+ Rxe4+ 52.Rxe4+ Kxe4 53.h8=Q f1=Q 54.Qa8+ Ke3 55.Qe8+ Kd2
56.Qd8+ Qd3 57.Qg5+ Kc2 58.Qc5+ Kb1 59.Qg1+ Kb2 60.Qf2+ Qc2 61.Qf6+ Kc1 62.Qf1+ Qd1
63.Qf7 Qd2+ 64.Kc5 Qc3+ 65.Kb6 b4 66.Qf1+ Kb2 67.Qe2+ Qc2 68.Qe5+ Ka2 69.Qa5+ Kb3
70.Qd5+ Qc4 71.Qd1+ Kb2 72.Qd2+ Ka3 73.Qe3+ b3  0-1

[Event "Benasque op"]
[Site "Benasque"]
[Date "1996.??.??"]
[Round "2"]
[White "Sutovskij, Emil"]
[Black "Fierro Baquero, Martha Lorena"]
[Result "1-0"]
[WhiteElo "2565"]
[BlackElo "2200"]

1.e4 c5 2.Nf3 Nc6 3.Bb5 g6 4.Bxc6 bxc6 5.O-O Nf6 6.e5 Nd5 7.c4 Nc7 8.d4 cxd4
9.Qxd4 Bg7 10.Re1 O-O 11.Nc3 d5 12.Qh4 Ne6 13.Bh6 Rb8 14.cxd5 cxd5 15.Rad1 Bb7
16.Re3 Qb6 17.Bxg7 Nxg7 18.Nd4 f6 19.e6 h5 20.Qg3 Kh7 21.h4 Rg8 22.Nce2 Rbd8
23.Nf4 Ne8 24.Qf3 Ng7 25.Qe2  1-0

[Event "Benasque op"]
[Site "Benasque"]
[Date "1996.??.??"]
[Round "3"]
[White "Ayas, Antonio"]
[Black "Chatalbashev, Boris"]
[Result "0-1"]
[WhiteElo "2270"]
[BlackElo "2490"]

1.e4 c5 2.Nf3 Nc6 3.Bb5 g6 4.Bxc6 bxc6 5.O-O Bg7 6.Re1 f6 7.d3 Nh6 8.Na3 Nf7
9.Be3 d6 10.c3 O-O 11.h3 f5 12.exf5 Bxf5 13.Qe2 e5 14.d4 exd4 15.cxd4 Rb8
16.Nc4 Be4 17.Bf4 Bxf3 18.Qxf3 Rb4 19.Rac1 d5 20.Nd2 Bxd4 21.Nb3 Ne5 22.Qg3 Bxf2+
23.Qxf2 Rbxf4 24.Qxc5 Qg5 25.Red1 Nf3+  0-1

[Event "Benasque op"]
[Site "Benasque"]
[Date "1996.??.??"]
[Round "5"]
[White "Galego, Luis"]
[Black "Sutovskij, Emil"]
[Result "1/2-1/2"]
[WhiteElo "2435"]
[BlackElo "2565"]

1.e4 c5 2.Nf3 Nc6 3.Bb5 g6 4.O-O Bg7 5.Re1 Nf6 6.Nc3 O-O 7.e5 Ne8 8.Bxc6 dxc6
9.d3 Bg4 10.h3 Bxf3 11.Qxf3 Nc7 12.Re4 Ne6 13.Ne2 Qd5 14.Qg3 f5 15.exf6 exf6
16.Nf4 Nxf4 17.Bxf4 Rfe8 18.Qe3 Kf7 19.Re1 Rxe4 20.dxe4 Qc4 21.c3 Qxa2 22.Qxc5 Rd8
23.Qb4 Rd7 24.e5 Qe6 25.Qa4 b5 26.Qa6 g5 27.Be3 f5 28.Bxg5 Bxe5 29.g3 Qd6
30.Qc8 Qc7 31.Qa8 h6 32.Bf4 Rd8 33.Bxe5 Qb6 34.Bd4  1/2-1/2

[Event "Berliner Sommer"]
[Site "Berlin"]
[Date "1996.??.??"]
[Round "2"]
[White "Schulz, Michael"]
[Black "Anastasian, Ashot"]
[Result "0-1"]
[WhiteElo "2285"]
[BlackElo "2550"]

1.e4 c5 2.Nf3 Nc6 3.Bb5 g6 4.O-O Bg7 5.c3 Nf6 6.Re1 O-O 7.d4 Qb6 8.a4 cxd4
9.cxd4 d5 10.e5 Ne4 11.Nc3 Nxc3 12.bxc3 Bg4 13.Ba3 Rfc8 14.h3 Bxf3 15.Qxf3 e6
16.Reb1 Bf8 17.a5 Qc7 18.a6 b6 19.Bxf8 Kxf8 20.Bd3 Qe7 21.g3 Rc7 22.h4 Rac8
23.h5 Qg5 24.hxg6 hxg6 25.Kg2 Ne7 26.Rh1 Rxc3 27.Rh8+ Ng8 28.Rh7 R8c7 29.Qe2 f5
30.Rah1 Rg7 31.f4 Qe7 32.Rxg7 Kxg7 33.Kf3 Qa3 34.Ke3 Nh6 35.Rh4 Ng4+ 36.Rxg4 fxg4
37.Qd2 Qc1 38.Qxc1 Rxc1 39.Be2 Rc3+ 40.Kf2 Kf7 41.Bxg4 b5  0-1

[Event "Berliner Sommer"]
[Site "Berlin"]
[Date "1996.??.??"]
[Round "5"]
[White "Becker, W."]
[Black "Yakovich, Yuri"]
[Result "0-1"]
[WhiteElo "2330"]
[BlackElo "2530"]

1.e4 c5 2.Nf3 Nc6 3.Bb5 g6 4.Bxc6 bxc6 5.O-O Bg7 6.Re1 Nh6 7.c3 O-O 8.d4 cxd4
9.cxd4 f6 10.h3 d6 11.e5 fxe5 12.dxe5 Nf7 13.exd6 exd6 14.Nc3 Qb6 15.Na4 Qb7
16.Be3 c5 17.Qd2 Bxh3 18.Nc3 Bxg2 19.Kxg2 Ne5 20.Qxd6 Nxf3 21.Red1 Nh4+ 22.Kf1 Qh1+  0-1

[Event "DVM U20"]
[Site "Berlin"]
[Date "1996.??.??"]
[Round "5"]
[White "Senff, Martin"]
[Black "Wilhelmi, Christian"]
[Result "1/2-1/2"]
[WhiteElo "2225"]
[BlackElo "2355"]

1.e4 c5 2.Nf3 Nc6 3.Bb5 d6 4.d4 cxd4 5.Qxd4 Bd7 6.Bxc6 Bxc6 7.Nc3 Nf6 8.Bg5 e6
9.O-O-O Be7 10.Rhe1 O-O 11.e5 dxe5 12.Nxe5 Qxd4 13.Rxd4 Rfc8 14.Nxc6 Rxc6
15.f4 h6 16.Bh4 Kf8 17.Ne4 Rac8 18.c3 g5 19.fxg5 Nxe4 20.Rdxe4 hxg5 21.Bf2 Bc5
22.Bxc5+ Rxc5 23.h4 gxh4 24.Rxh4 Ke7 25.Ra4 a5 26.g4 Rd8 27.Kc2 b6 28.Rd1 Rxd1
29.Kxd1 Kf6 30.Rf4+ Kg6 31.Ke2 f6 32.Rd4 Re5+ 33.Kf3 b5 34.a4 bxa4 35.Rxa4 Rb5
36.b4 axb4 37.Rxb4 Rc5 38.c4 e5 39.Ra4 Kg5 40.Rb4 Rc8 41.Ra4 Rc7 42.Rb4 Rc5
43.Ra4 Rc8 44.Rb4 Rc5 45.Ra4 Kg6 46.Rb4 Kh6 47.Ra4 Kg5 48.Rb4 Ra5 49.Rb3 Ra1
50.Rc3 Rh1 51.Kg2 Rh8 52.Kg3 Rh4 53.c5 Rxg4+ 54.Kf2 Kf5 55.c6 Rg8 56.c7 Rc8
57.Ke3 Ke6 58.Rc6+ Kd5 59.Rxf6 Rxc7 60.Ra6 Rc3+ 61.Kd2 Rh3 62.Ra4 e4 63.Ra8 Rh2+
64.Ke3 Rh3+  1/2-1/2

[Event "Bern Cup"]
[Site "Bern"]
[Date "1996.??.??"]
[Round "2"]
[White "Christiansen, Larry Mark"]
[Black "Markowski, Tomasz"]
[Result "0-1"]
[WhiteElo "2580"]
[BlackElo "2535"]

1.e4 c5 2.Nf3 Nc6 3.Bb5 g6 4.O-O Bg7 5.Re1 e5 6.Bxc6 dxc6 7.d3 Qe7 8.b4 cxb4
9.a3 b3 10.cxb3 Nf6 11.Qc2 Bg4 12.Nbd2 Nd7 13.h3 Be6 14.Bb2 c5 15.b4 O-O
16.Rec1 Rfc8 17.b5 f6 18.a4 Bf7 19.Ba3 Qd8 20.Nc4 Nf8 21.Ne3 Qd7 22.Qe2 b6
23.Bb2 Rd8 24.Ra3 Rac8 25.Kh2 Ne6 26.Nd5 Nd4 27.Bxd4 cxd4 28.Rxc8 Rxc8 29.a5 Bxd5
30.exd5 Qd6 31.axb6 axb6 32.Ra7 e4+ 33.g3 exf3 34.Qxf3 Re8 35.h4 h5 36.Ra4 Qe5
37.Ra6 Rb8 38.Qg2 Bf8 39.f4 Qe1 40.d6 Qe6 41.Ra4 Qxd6 42.Qa2+ Kg7 43.Ra7+ Be7
44.Qe2 Kf8 45.Qe4 f5 46.Qg2 Rc8 47.Kh3 Qe6 48.Qb7 Re8 49.Ra6 Bc5 50.Qh7 Qg8
51.Qb7 Qf7 52.Qg2 Qe7 53.Ra2 Qd7 54.Rb2 Rd8 55.Re2 Qd5 56.Qf1 Re8 57.Rh2 Re3  0-1

[Event "Bern op"]
[Site "Bern"]
[Date "1996.??.??"]
[Round "3"]
[White "Suetin, Alexey S"]
[Black "Teske, Henrik"]
[Result "1/2-1/2"]
[WhiteElo "2460"]
[BlackElo "2510"]

1.e4 c5 2.Nf3 Nc6 3.Bb5 e6 4.O-O Nge7 5.c3 a6 6.Ba4 b5 7.Bc2 Bb7 8.Re1 Rc8
9.d3 g6 10.Be3 d6 11.a3 Qc7 12.d4 cxd4 13.cxd4 Nb4 14.Nc3  1/2-1/2

[Event "Bern op"]
[Site "Bern"]
[Date "1996.??.??"]
[Round "5"]
[White "Breyther, Ruediger"]
[Black "Weindl, Alfred"]
[Result "1/2-1/2"]
[WhiteElo "2420"]
[BlackElo "2335"]

1.e4 c5 2.Nf3 Nc6 3.Bb5 e6 4.O-O Nge7 5.c3 d5 6.exd5 Qxd5 7.d4 cxd4 8.c4 Qd6
9.Nc3 Bd7 10.Ne4 Qc7 11.Nxd4 O-O-O 12.Nf3 Nf5 13.Be3 Kb8 14.Qe2 Be7  1/2-1/2

[Event "Biel op MTO"]
[Site "Biel"]
[Date "1996.??.??"]
[Round "8"]
[White "Tseitlin, Mark D"]
[Black "Cherniaev, Alexander"]
[Result "1/2-1/2"]
[WhiteElo "2540"]
[BlackElo "2420"]

1.e4 c5 2.Nf3 Nc6 3.Bb5 e6 4.O-O Nge7 5.Re1 Nd4 6.Nxd4 cxd4 7.c4 a6 8.Ba4 Rb8
9.d3 b5 10.cxb5 axb5 11.Bb3 Nc6 12.Bf4 d6 13.Nd2 Bd7 14.Bg3 Be7 15.f4 O-O
16.Nf3 Qb6 17.Bf2 Bf6 18.Qd2 Na5 19.Bd1 b4 20.g4 g6 21.f5 Bg7 22.Qf4 e5 23.Qg5 f6
24.Qd2 Be8 25.Kh1 d5 26.exd5 Bf7 27.Kg1 Qd6 28.Nh4 g5 29.Nf3 Bxd5 30.Qe2 Nb7
31.Bb3 Bxb3 32.axb3 Qd5 33.Nd2 Nc5 34.Ra5 Ra8 35.Rb5 Rfb8 36.Rxb8+ Rxb8 37.Rc1 Ra8
38.Be1 Bf8  1/2-1/2

[Event "SLO-chT"]
[Site "Bled"]
[Date "1996.??.??"]
[Round "1"]
[White "Barle, Janez"]
[Black "Cigan, Stefan"]
[Result "0-1"]
[WhiteElo "2445"]
[BlackElo "2370"]

1.e4 c5 2.Nf3 Nc6 3.Bb5 g6 4.O-O Nf6 5.Nc3 Bg7 6.e5 Ng4 7.Bxc6 dxc6 8.Re1 Nh6
9.Ne4 b6 10.Nf6+ Kf8 11.Ne4 Nf5 12.d3 Nd4 13.h3 h6 14.Bf4 Be6 15.c3 Nxf3+
16.Qxf3 Qd5 17.Bg3 Kg8 18.Re3 Rd8 19.Qe2 Kh7 20.f4 c4 21.d4 Rhf8 22.Bh4 Rc8
23.a4 f5 24.Nd2 a5 25.Nf3 Qd7 26.Bf2 Ra8 27.Nd2 b5 28.Nf3 Rfb8 29.Qc2 Bd5
30.e6 Qd6 31.Bg3 b4 32.Rae1 bxc3 33.bxc3 Rb3 34.Ne5 Rab8 35.R3e2 Qa3 36.Nd7 Rxc3
37.Qa2 Qxa2 38.Rxa2 Bxd4+ 39.Bf2 Bxf2+ 40.Kxf2 Rb4 41.Nf8+ Kg7 42.Nd7 Rcb3
43.Nc5 Rb2+ 44.Re2 c3 45.Nd3 Bxa2 46.Nxb4 axb4  0-1

[Event "SLO-chT"]
[Site "Bled"]
[Date "1996.??.??"]
[Round "2"]
[White "Sorli, Maja"]
[Black "Kosec, Tina"]
[Result "0-1"]
[WhiteElo "1885"]
[BlackElo "2085"]

1.e4 c5 2.Nf3 Nc6 3.Bb5 g6 4.Bxc6 dxc6 5.d3 Bg7 6.Nc3 Nf6 7.Be3 b6 8.h3 Qc7
9.Nd2 e5 10.g3 Nh5 11.Ne2 Be6 12.Qc1 h6 13.f4 Nxg3 14.Nxg3 exf4 15.c3 fxg3
16.Nf3 g2 17.Rh2 Qg3+ 18.Ke2 Bxh3 19.Bf2 Qg4 20.Qe3 h5 21.Qg5 Qxg5 22.Nxg5 Bg4+
23.Nf3 O-O-O 24.Rd1 f5 25.Rxg2 fxe4  0-1

[Event "Bled op"]
[Site "Bled"]
[Date "1996.??.??"]
[Round "3"]
[White "Glavan, Slavenko"]
[Black "Kierzek, Matthias"]
[Result "1-0"]
[WhiteElo "2210"]
[BlackElo "2095"]

1.e4 c5 2.Nf3 Nc6 3.Bb5 g6 4.c3 Bg7 5.O-O a6 6.Ba4 b5 7.Bc2 e5 8.a4 b4 9.d3 Nge7
10.Nbd2 O-O 11.Re1 a5 12.Nb3 d6 13.Be3 f5 14.Bg5 h6 15.Bxe7 Nxe7 16.d4 c4
17.Nbd2 b3 18.Bb1 fxe4 19.Rxe4 d5 20.Rxe5 Bxe5 21.Nxe5 Kg7 22.Qe2 Qd6 23.Nf1 Qf6
24.Ne3 h5 25.h3 Ra6 26.Nf1 Qh4 27.Nf3 Qf6 28.Ne5 Re6 29.Qd2 Qh4 30.Ne3 Ref6
31.f3 Qf4 32.Qf2 Be6 33.h4 Qh6 34.Kh2 g5 35.Qg3 g4 36.fxg4 Qf4 37.gxh5+ Qxg3+
38.Kxg3 Kh8 39.Ng6+ Nxg6 40.Bxg6 Rf2 41.Re1 Bg8 42.h6 Rxb2 43.Ng4 Bh7 44.h5 Rc2
45.Re7 Rxc3+ 46.Kh4 Bg8 47.h7 Bf7 48.Ne5 Be6 49.Rxe6 b2 50.h6 Re3 51.Re8 Re4+
52.Bxe4 dxe4 53.Rxf8+ Kxh7 54.Rf7+ Kxh6 55.g4  1-0

[Event "Bled op-B"]
[Site "Bled"]
[Date "1996.??.??"]
[Round "4"]
[White "Kovacic, Peter"]
[Black "Petkovic, Nenad"]
[Result "1-0"]
[WhiteElo "2140"]
[BlackElo "1805"]

1.e4 c5 2.Nf3 Nc6 3.Bb5 g6 4.O-O Bg7 5.c3 Nh6 6.d4 cxd4 7.cxd4 Qb6 8.Nc3 e6
9.d5 Ne7 10.Be3 Qd8 11.Bg5 f6 12.Bxh6 Bxh6 13.dxe6 Nc6 14.exd7+ Bxd7 15.Qd5 Qe7
16.Rad1 Bf4 17.Qb3 Bb8 18.Nd5 Qe6 19.Bc4 Na5 20.Qc3 Nxc4 21.Nxf6+  1-0

[Event "Bled op-B"]
[Site "Bled"]
[Date "1996.??.??"]
[Round "5"]
[White "Muri, Emil"]
[Black "Kukovec, Borut"]
[Result "1-0"]
[WhiteElo "2080"]
[BlackElo "1815"]

1.e4 c5 2.Nf3 Nc6 3.Bb5 g6 4.c3 Bg7 5.d4 cxd4 6.cxd4 Qb6 7.Nc3 Nxd4 8.Nd5 Nxf3+
9.Qxf3 Qd8 10.Bf4 e5 11.Be3 Ne7 12.Bg5 Qa5+ 13.b4  1-0

[Event "Bled op"]
[Site "Bled"]
[Date "1996.??.??"]
[Round "6"]
[White "Golubovic, Boris"]
[Black "Sveshnikov, Evgeny"]
[Result "0-1"]
[WhiteElo "2385"]
[BlackElo "2565"]

1.e4 c5 2.Nf3 Nc6 3.Bb5 e6 4.O-O Nge7 5.c3 d5 6.exd5 Qxd5 7.Re1 Bd7 8.Na3 Ng6
9.Bf1 Be7 10.d4 cxd4 11.Nb5 Rc8 12.Nfxd4 Nxd4 13.Nxd4 Qa5 14.Qb3 Qc7 15.Nb5 Qb8
16.Be3 a6 17.Na7 Rc5 18.Qb6 Rh5 19.g3 Bd8 20.Qd4 b6 21.Qg4 Re5 22.f4 Rxe3
23.Rxe3 Qxa7 24.Rae1 b5 25.Kh1 h5 26.Qd1 h4 27.f5 hxg3 28.Rxg3 Qf2  0-1

[Event "Bled op-B"]
[Site "Bled"]
[Date "1996.??.??"]
[Round "7"]
[White "Kovacic, Peter"]
[Black "Semrl, Marjan"]
[Result "1/2-1/2"]
[WhiteElo "2140"]
[BlackElo "2150"]

1.e4 c5 2.Nf3 Nc6 3.Bb5 g6 4.O-O Bg7 5.c3 a6 6.Ba4 e5 7.d3 Nge7 8.Re1 O-O
9.Nbd2 d6 10.h3 h6 11.Nf1 Be6 12.Ng3 Kh7 13.Nh2 f5 14.exf5 Nxf5 15.Ne4 Qe7
16.Bxc6 bxc6 17.Nf3 Bd5 18.Qa4 Kg8 19.c4 Be6 20.Qxc6 Bd7 21.Qb6 a5 22.Qb3 g5
23.g4 Nd4 24.Nxd4 exd4 25.Qd1 Be5 26.Qe2 Qf7 27.Kg2 Rae8 28.Bd2 a4 29.b4 cxb4
30.Bxb4 Bc6 31.Rad1 Qf4 32.Rh1 Bg7 33.f3 Be5 34.Bd2 Qf7 35.h4 Bf4 36.hxg5 hxg5
37.Bxf4 Qxf4 38.Rh5 Kg7 39.Rdh1 Bxe4 40.dxe4 Rh8 41.Qb2 Qe3 42.Qb7+ Kg6 43.Qd7 Qd2+
44.Kh3 Ref8 45.Qxd6+ Rf6 46.Qg3 Qe2 47.Re1 Qd3 48.Kg2 Rhf8 49.Rf1 Qxf1+ 50.Kxf1 Rxf3+
51.Kg2 Rxg3+ 52.Kxg3 Rc8 53.Kf3 Rxc4 54.e5 d3 55.Rh1 Rc2 56.Rd1 d2 57.a3 Ra2
58.Ke4 Kf7 59.Kf5 Rxa3 60.Rxd2 Rf3+ 61.Kxg5 Ke6 62.Rd4 a3  1/2-1/2

[Event "Bled op"]
[Site "Bled"]
[Date "1996.??.??"]
[Round "8"]
[White "Kierzek, Matthias"]
[Black "Simic, Dragan"]
[Result "0-1"]
[WhiteElo "2095"]
[BlackElo "2330"]

1.e4 c5 2.Nf3 Nc6 3.Bb5 Na5 4.c3 a6 5.Ba4 b5 6.Bc2 d5 7.O-O Bb7 8.exd5 Bxd5
9.d4 Nb7 10.Be3 e6 11.Nbd2 Nf6 12.Ne5 Be7 13.b3 cxd4 14.cxd4 O-O 15.Ng4 Nd6
16.Nxf6+ Bxf6 17.Qg4 Qd7 18.Nf3 Rac8 19.Rac1 Qb7 20.Ne5 Rc7 21.Bb1 Rfc8 22.Rxc7 Rxc7
23.f3 Qb6 24.Re1 b4 25.h4 Nb5 26.h5 Nc3 27.Qf4 Nxb1 28.Rxb1 h6 29.Qg3 Rc3
30.Qf2 Bxe5  0-1

[Event "Spring op"]
[Site "Budapest"]
[Date "1996.??.??"]
[Round "1"]
[White "Pal, Gyorgy"]
[Black "Eremeev, Denis"]
[Result "0-1"]
[WhiteElo "2080"]
[BlackElo "2335"]

1.e4 c5 2.Nf3 Nc6 3.Bb5 e6 4.O-O Nge7 5.c3 a6 6.Bxc6 Nxc6 7.d4 d5 8.e5 Be7
9.Be3 cxd4 10.cxd4 Qb6 11.Nc3 O-O 12.Na4 Qc7 13.Rc1 b6 14.a3 Qb7 15.b4 a5
16.b5 Na7 17.Qb3 Bd7 18.Nc3 a4 19.Qb2 Rfc8 20.Rc2 Bxb5 21.Rfc1 Bd3 22.Rd2 Bc4
23.Nb1 Nc6 24.Ne1 Bb3 25.Rd3 Na5 26.Rxc8+ Rxc8 27.Rc3 Rc6 28.Nd3 Qc8 29.Nb4 Rxc3
30.Nxc3 Nc4  0-1

[Event "Budapest FS03 IM"]
[Site "Budapest"]
[Date "1996.??.??"]
[Round "1"]
[White "Nishimura, Hiroyuki"]
[Black "Horvath, Gabor"]
[Result "1-0"]
[WhiteElo "2325"]
[BlackElo "2275"]

1.e4 c5 2.Nf3 Nc6 3.Bb5 Nf6 4.e5 Nd5 5.O-O g6 6.c3 Bg7 7.d4 cxd4 8.cxd4 O-O
9.Nc3 Nxc3 10.bxc3 d6 11.Re1 Bg4 12.exd6 Qxd6 13.h3 Bxf3 14.Qxf3 Qf6 15.Qe4 e6
16.Bxc6 bxc6 17.Ba3 Rfd8 18.Rab1 Qg5 19.Qxc6 Qd2 20.Qc4 Rac8 21.Bc5 e5 22.Re2 Qf4
23.Rbe1 exd4 24.cxd4 Bxd4 25.Bxd4  1-0

[Event "Budapest FS05 IM"]
[Site "Budapest"]
[Date "1996.??.??"]
[Round "1"]
[White "Midoux, Sebastien"]
[Black "Tcebekov, Khongor"]
[Result "1/2-1/2"]
[WhiteElo "2220"]
[BlackElo "2315"]

1.e4 c5 2.Nf3 Nc6 3.Bb5 e6 4.O-O Qb6 5.Bxc6 Qxc6 6.Re1 a6 7.d3 Nf6 8.Nc3 d5
9.Ne5 Qc7 10.exd5 Bd6 11.Nf3 O-O 12.dxe6 Bxe6 13.Ne4 Nxe4 14.dxe4 Rad8 15.Qe2 Rfe8
16.e5 Bf8 17.Bf4 Qb6 18.b3 c4 19.Ng5 cxb3 20.axb3 Bd5 21.Qh5 h6 22.Nf3 Rc8
23.Re2 Be6 24.Be3 Qc7 25.Nd4 Bd7 26.f4 b5 27.Rxa6 Ra8 28.Rxa8 Rxa8 29.Re1 Ra2
30.Qd1 Bb4  1/2-1/2

[Event "Budapest FS04 IM"]
[Site "Budapest"]
[Date "1996.??.??"]
[Round "2"]
[White "Giretti, Kanev J"]
[Black "Volodin, Viktor"]
[Result "1/2-1/2"]
[WhiteElo "2220"]
[BlackElo "2325"]

1.e4 c5 2.Nf3 Nc6 3.Bb5 g6 4.O-O Bg7 5.c3 Nf6 6.Re1 O-O 7.d4 cxd4 8.cxd4 d5
9.e5 Ne4 10.Nc3 Bf5 11.Nh4 Be6 12.g3 Qb6 13.Bxc6 Nxc3 14.bxc3 Qxc6 15.Qb3 Rac8
16.Bd2 Rc7 17.Ng2 Bf5 18.Nf4 Rd8 19.f3 Bc8 20.Nd3 b6 21.a4 a5 22.Nb2 Ba6
23.Rac1 Qe6 24.Nd1 h5 25.Ne3 Bd3 26.Ng2 Bc4 27.Qa3 Qf5 28.Nh4 Qc8  1/2-1/2

[Event "Spring op"]
[Site "Budapest"]
[Date "1996.??.??"]
[Round "2"]
[White "Horvath, Adam"]
[Black "Cao Sang"]
[Result "1-0"]
[WhiteElo "2245"]
[BlackElo "2455"]

1.e4 c5 2.Nf3 Nc6 3.Bb5 g6 4.O-O Bg7 5.c3 Nf6 6.Re1 O-O 7.d4 Qb6 8.Bf1 cxd4
9.cxd4 d5 10.e5 Ne4 11.Nc3 Nxc3 12.bxc3 Na5 13.Bg5 Qc7 14.Qa4 b6 15.Qa3 Re8
16.h3 Be6 17.Bb5 Bd7 18.Bd3 Bf8 19.Qc1 Qc6 20.Rb1 Nc4 21.Qf4 Bg7 22.Qh4 f6
23.Bh6 Be6 24.Re2 Rac8 25.Rbe1 Qd7 26.Bc1 Rc6 27.g4 b5 28.Kg2 a6 29.Bh6 Bh8
30.Bg5 Bf7 31.Bc1 Nb6 32.Ba3 Be6 33.Bb4 Na4 34.exf6 exf6 35.Bf5 Bg7 36.Qg3 gxf5
37.gxf5 h6 38.fxe6 Rexe6 39.Rxe6 Rxe6 40.Qg4 Kf7 41.Qf5 Nb6 42.Rxe6  1-0

[Event "Budapest FS06 GM"]
[Site "Budapest"]
[Date "1996.??.??"]
[Round "2"]
[White "Bezgodov, Alexei"]
[Black "Varga, Zoltan"]
[Result "1-0"]
[WhiteElo "2485"]
[BlackElo "2540"]

1.e4 c5 2.Nf3 Nc6 3.Bb5 e5 4.O-O d6 5.c3 Qb6 6.Na3 Bg4 7.d4 cxd4 8.cxd4 exd4
9.Qxd4 Qxd4 10.Nxd4 Bd7 11.Bxc6 bxc6 12.Bf4 Nf6 13.Rfe1 Nh5 14.Be3 Be7 15.Rac1 c5
16.Nf5 g6 17.Nxe7 Kxe7 18.Nc4 Be6 19.e5 dxe5 20.Bxc5+ Kf6 21.Bd6 Rhc8 22.Bxe5+ Ke7
23.b3 Rc6 24.Na5 Ra6 25.Bc7 Kf8 26.Rc6 Rxc6 27.Nxc6 a6 28.f3 Rc8 29.Bd6+ Ke8
30.Nd4 Ng7 31.g4 Kd7 32.Bb4 Bd5 33.Re5 Be6 34.Ra5 Ra8 35.Rc5 h5 36.h3 hxg4
37.fxg4 Rh8 38.Kg2 f5 39.Nf3 Rc8 40.Ne5+ Ke8 41.Rxc8+ Bxc8 42.g5 Bb7+ 43.Kf2 Be4
44.Nxg6 Bb1 45.Nf4 Bxa2 46.Bc3  1-0